000
00493nam a2200109Ia 4500
008
221009s9999 xx 000 0 und d
082
_a
001
100
_a
संपादक मण्डल प्रतियोगिता दर्पण
_9
31843
245
0
_a
सी सैट राज्य सिविल सेवा प्रारम्भिक परीक्षा सामान्य अध्ययन
260
_b
उपकार प्रकाशन
942
_c
BK
999
_c
65139
_d
65139